Ethics in Business and Communication: Common Ground or Incommensurable?

Analýza prebiehajúcej konverzácie o úlohe etiky v podnikaní a komunikácii a súvisiacich praktických otázkach. Vzťah medzi globálnou a lokálnou etikou v podnikaní a komunikácii.

Uložené v:
Podrobná bibliografia
Hlavný autor: Kačerauskas, Tomas
Médium: Kapitola
Jazyk:English
Predmet:
Tagy: Pridať tag
Žiadne tagy, Buďte prvý, kto otaguje tento záznam!

MARC

LEADER 00000naa a2200000 4500
001 0252848
005 20190405064942.0
041 0 |a eng 
044 |a CZ 
245 1 0 |a Ethics in Business and Communication: Common Ground or Incommensurable?  |c Tomas Kačerauskas 
520 |a Analýza prebiehajúcej konverzácie o úlohe etiky v podnikaní a komunikácii a súvisiacich praktických otázkach. Vzťah medzi globálnou a lokálnou etikou v podnikaní a komunikácii. 
610 2 0 |a komunikácia 
610 2 0 |a podnikanie 
610 2 0 |a filozofia 
610 2 0 |a etika podnikateľská 
610 2 0 |a komunikácia obchodná 
100 1 |a Kačerauskas, Tomas